Manual de lechería para la América tropical / (Registro nro. 8705)
[ vista simple ]
| 000 -CABECERA | |
|---|---|
| Campo de control interno | 01840nam a2200253Ia 4500 |
| 008 - ELEMENTOS DE LONGITUD FIJA - INFORMACIÓN GENERAL | |
| Campo de control de longitud fija | 260220t9999||||xx |||||||||||||| ||spa|| |
| 040 ## - FUENTE DE CATALOGACIÓN | |
| Agencia de catalogación original | PY-SlUNAC |
| Idioma de catalogación | spa |
| Convenciones de descripción | rda |
| 041 ## - CÓDIGO DE IDIOMA | |
| Código de idioma para texto/pista de sonido o título separado | spa |
| 082 ## - NÚMERO DE CLASIFICACIÓN DECIMAL DEWEY | |
| Clasificación Decimal Dewey (CDD) | 637.1 |
| Clasificación Expansiva de Cutter (EC) | H668m |
| 100 ## - ASIENTO PRINCIPAL - NOMBRE PERSONAL | |
| Nombre personal | Hodgson, H. E. |
| Rol del autor | Autor |
| 245 #0 - TÍTULO | |
| Título | Manual de lechería para la América tropical / |
| Mención de responsabilidad | por H. E. Hodgson [Autor] y O. E. Rud [Autor] |
| 264 ## - PIE DE IMPRENTA | |
| Lugar | Washington D. C. : |
| Editorial | TE, |
| Año | [Fecha de publicación no identificada]. |
| 300 ## - DESCRIPCIÓN FÍSICA | |
| Páginas | 1 volumen |
| 520 ## - NOTA DE RESUMEN | |
| Nota de resumen | El "Manual de lechería para la América tropical" de H. E. Hodgson es una obra fundamental que aborda de manera exhaustiva los principios y prácticas de la producción lechera en las condiciones específicas de la región tropical. A lo largo del texto, Hodgson examina cuestiones esenciales como la selección de razas de ganado, la alimentación adecuada, el manejo sanitario y las técnicas de ordeño, adaptadas a los climas cálidos y húmedos. Asimismo, se enfoca en la importancia de las instalaciones y la infraestructura necesarias para optimizar la producción láctea, así como en la capacitación del personal involucrado en estas actividades. A través de una combinación de investigación científica y experiencias prácticas, el autor proporciona recomendaciones que buscan mejorar la productividad y la calidad de los productos lácteos, contribuyendo al desarrollo sostenible de la industria lechera en América Latina. Este manual se convierte en una herramienta valiosa para productores, agrónomos y estudiantes interesados en la lechería tropical. |
| 651 ## - MATERIA - NOMBRE GEOGRÁFICO | |
| Materia - nombre geográfico | América Latina |
| 653 ## - MATERIA - TÉRMINO TEMÁTICO NO CONTROLADO (PALABRAS CLAVE) | |
| Materia - término temático no controlado (palabras clave) | Ganadería |
| 653 ## - MATERIA - TÉRMINO TEMÁTICO NO CONTROLADO (PALABRAS CLAVE) | |
| Materia - término temático no controlado (palabras clave) | Lechería |
| 700 ## - ENTRADA SECUNDARIA - AUTOR PERSONAL | |
| Nombre personal | Rud, O. E. |
| Rol del autor | Autor |
| 942 ## - ELEMENTOS PERSONALIZADOS (KOHA) | |
| Fecha catalogación | 2026/02/17 |
| Tipo de documento | Libros |
| Fuente de Clasificacion | Colección | Ubicacion permanente | Biblioteca actual | Fecha de Ingreso a la Biblioteca | Origen de adquisición | Código de ubicación | Código de barras | Tipo de Item KOHA | Nota pública |
|---|---|---|---|---|---|---|---|---|---|
| Dewey Decimal Classification | Colección General (CG) | Biblioteca e Internet, Facultad de Ciencias Exactas y Naturales | Biblioteca e Internet, Facultad de Ciencias Exactas y Naturales | 02/20/2026 | Donación | 637.1 H668m | CG2065 | Libros | Material disponible en la Biblioteca e Intenet, Campus UNA, San Lorenzo. |


